| 000 | 00767nam a2200205 4500 | ||
|---|---|---|---|
| 001 | 122406 | ||
| 003 | ES-MaACL | ||
| 005 | 20250918184240.0 | ||
| 007 | t| | ||
| 008 | 070214s1965 sp r ||||1| spa d | ||
| 100 | 1 |
_aPoyán Díaz, Daniel. _993515 |
|
| 245 | 1 | 0 |
_aSin desdén para el desdén : _bnotas al margen de un libro sobre el teatro de Moreto / _cDaniel Poyán Díaz. |
| 260 |
_aMadrid : _bConsejo Superior de Investigaciones Científicas, _c1965. |
||
| 300 |
_a13 p. ; _c22 cm. |
||
| 595 | _aSeparata de: Segismundo: revista hispánica de teatro, n.2 ,1965. | ||
| 600 | 1 | 4 |
_aMoreto, Agustín, _d1618-1669 _983478 |
| 710 | 2 |
_aConsejo Superior de Investigaciones Científicas (España) _93236 |
|
| 852 |
_aES-MaACL _j2052-F-27 |
||
| 999 |
_c122406 _d122406 |
||